000 00794nam a22002417a 4500
003 OSt
005 20250129182520.0
008 210224b 2020 dr j 00| 0 eng d
020 _a9789945806571
040 _aDO-SdBNP
_bspa
_cBNPHU
082 4 _aRD863.44
_bR628c
_222
100 1 _aRoa Ogando, Gerardo
_974487
245 1 0 _aCuentos del sinsentido /
_cGerardo Roa Ogando ; prólogo Plinio Chahín.
260 _aSanto Domingo :
_bSoto Impresora,
_c2020.
300 _a79 p. ;
_c21 cm.
500 _aIncluye datos biográficos del autor en las solapas.
590 _aInventariado,MFF/2021
650 0 _aCuentos dominicanos
_9176
650 4 _aLiteratura dominicana
_978258
700 1 _aChahín, Plinio,
_d1959-
_epról.
_924881
910 _aValidado. Control de calidad MFF
942 _2ddc
_cLBS1
999 _c49444
_d49444